Central Library OPAC University of Rajshahi

Discrete mathematical structures for computer scientists and engineers / (Record no. 69560)

MARC details
000 -LEADER
fixed length control field 00850nam a2200265 a 4500
001 - CONTROL NUMBER
control field 69560
003 - CONTROL NUMBER IDENTIFIER
rucl marc code BD-RjUL
005 - DATE AND TIME OF LATEST TRANSACTION
control field 20211209081913.0
008 - FIXED-LENGTH DATA ELEMENTS--GENERAL INFORMATION
fixed length control field 170412s2007 enka b 001 0 eng d
020 ## - INTERNATIONAL STANDARD BOOK NUMBER
International Standard Book Number 817319713X
International Standard Book Number 9788173197130
035 ## - SYSTEM CONTROL NUMBER
System control number (BD-RjUL)69772
040 ## - CATALOGING SOURCE
Original cataloging agency UAT
Transcribing agency UAT
Language of cataloging eng
Modifying agency BD-RjUL
041 ## - LANGUAGE CODE
Language code of text/sound track or separate title eng
082 ## - DEWEY DECIMAL CLASSIFICATION NUMBER
Edition number 23
Author mark and year DAD 2007
Classification number 004.0151
100 1# - MAIN ENTRY--PERSONAL NAME
Personal name Das, M. K.
9 (RLIN) 23493
245 10 - TITLE STATEMENT
Title Discrete mathematical structures for computer scientists and engineers /
Statement of responsibility, etc. M.K. Das.
260 ## - PUBLICATION, DISTRIBUTION, ETC. (IMPRINT)
Place of publication, distribution, etc. New Delhi :
Name of publisher, distributor, etc. Narosa publishing House,
Date of publication, distribution, etc. c2007.
300 ## - PHYSICAL DESCRIPTION
Pagination xv, 538 p. :
Illustrations ill. ;
Size 25 cm.
504 ## - BIBLIOGRAPHY, ETC. NOTE
Bibliography, etc Includes bibliographical references (p. [529]-531) and index.
650 #0 - SUBJECT ADDED ENTRY--TOPICAL TERM
Topical term or geographic name as entry element Computer science
General subdivision Mathematics.
9 (RLIN) 21207
Topical term or geographic name as entry element Engineering mathematics.
9 (RLIN) 288
Topical term or geographic name as entry element Mathematical models.
9 (RLIN) 23494
942 ## - ADDED ENTRY ELEMENTS (KOHA)
Source of classification or shelving scheme Dewey Decimal Classification
Koha item type Books
Holdings
Lost status Source of classification or shelving scheme Damaged status Not for loan Collection code Permanent Location Current Location Shelving location Date acquired Source of acquisition Cost, normal purchase price Total Checkouts Full call number Date last seen Copy number Koha item type
  Dewey Decimal Classification   Not For Loan Non-fiction Central Library, University of Rajshahi Central Library, University of Rajshahi Reading Room 25/05/2008 Paragogn Enterprise, Dhaka 295.00   004.0151 DAD 2007 12/04/2017 C-2 Books